UBT Library

Total quality management : (Record no. 43643)

000 -LEADER
fixed length control field 00836cam a2200241 a 4500
001 - CONTROL NUMBER
control field 1107031
005 - DATE AND TIME OF LATEST TRANSACTION
control field 20180227091941.0
008 - FIXED-LENGTH DATA ELEMENTS--GENERAL INFORMATION
fixed length control field 930625s1994 nyua b 001 0 eng
010 ## - LIBRARY OF CONGRESS CONTROL NUMBER
LC control number 93024465
020 ## - INTERNATIONAL STANDARD BOOK NUMBER
International Standard Book Number 0471595381 :
Terms of availability $27.95
040 ## - CATALOGING SOURCE
Original cataloging agency DLC
Transcribing agency DLC
Modifying agency DLC
041 ## - LANGUAGE CODE
Language code of text/sound track or separate title eng
043 ## - GEOGRAPHIC AREA CODE
Geographic area code n-us---
080 ## - UNIVERSAL DECIMAL CLASSIFICATION NUMBER
Universal Decimal Classification number 658.4013 GEO
082 00 - DEWEY DECIMAL CLASSIFICATION NUMBER
Classification number 658.4013 GEO
Edition number 21
100 1# - Rafti
Rafti 54
101 ## - Shkurtesa
Shkurtesa MEN
245 10 - TITLE STATEMENT
Title Total quality management :
Statement of responsibility, etc Stephen George, Arnold Weimerskirch.
504 ## - BIBLIOGRAPHY, ETC. NOTE
Bibliography, etc Includes bibliographical references (p. 271-276) and index.
906 ## - LOCAL DATA ELEMENT F, LDF (RLIN)
a 7
b cbc
c orignew
d 1
e ocip
f 19
g y-gencatlg
942 ## - ADDED ENTRY ELEMENTS (KOHA)
Source of classification or shelving scheme
Item type Books
Holdings
Withdrawn status Lost status Source of classification or shelving scheme Damaged status Not for loan Collection code Permanent location Current location Shelving location Date acquired Total Checkouts Full call number Barcode Date last seen Price effective from Koha item type
          Koleksioni i përgjithshem UBT - Lipjan UBT - Lipjan Koleksioni i përgjithshem 02/27/2018   658.4013 GEO 002-3000454 02/27/2018 02/27/2018 Books
UBT Library © 2015-2024. All rights reserved University Education for Business and Technology